Qué es la psicología de la vejez (Registro nro. 5640)
[ vista simple ]
| 000 -CABECERA | |
|---|---|
| campo de control de longitud fija | 00617ata a2200229 4500 |
| 005 - FECHA Y HORA DE ACTUALIZACIÓN | |
| campo de control | 20160921133343.0 |
| 008 - LONGITUD FIJA | |
| campo de control de longitud fija | 150519b xxu||||| |||| 00| 0 spa d |
| 041 ## - IDIOMA | |
| Código de idioma del texto/pista de sonido o título separado | |
| 082 ## - CLASIFICACIÓN DECIMAL DEWEY | |
| Número de clasificación | 155.6 Q3q |
| 245 ## - TÍTULO PROPIAMENTE DICHO | |
| Título | Qué es la psicología de la vejez |
| 260 ## - PIE DE IMPRENTA | |
| Lugar de publicación, distribución, etc. | España |
| Nombre del editor, distribuidor, etc. | Biblioteca Nueva |
| Fecha de publicación, distribución, etc. | 1999 |
| 300 ## - DESCRIPCIÓN FÍSICA | |
| Extensión | 229 páginss |
| 650 ## - Materia General | |
| Materia general | PSICOLOGÍA DE LA VEJEZ |
| 650 ## - Materia General | |
| Materia general | APRENDIZAJE |
| 650 ## - Materia General | |
| Materia general | MEMORIA |
| 650 ## - Materia General | |
| Materia general | INTELIGENCIA |
| 650 ## - Materia General | |
| Materia general | PERSONALIDAD |
| 650 ## - Materia General | |
| Materia general | PSICOPATOLOGÍA |
| 650 ## - Materia General | |
| Materia general | FELICIDAD |
| 650 ## - Materia General | |
| Materia general | SABIDURÍA |
| 942 ## - Punto de Acceso Adicional Koha | |
| Tipo de ítem Koha | Libro |
| Estado perdido | Estado dañado | No para préstamo | Biblioteca permanente | Biblioteca actual | Signatura completa | Código de barras | Precio efectivo a partir del | Tipo de ítem |
|---|---|---|---|---|---|---|---|---|
| Departamento de Biblioteca y Documentación Alfonso Chase Brenes | Departamento de Biblioteca y Documentación Alfonso Chase Brenes | 155.6 Q3q | 9540 | 21/09/2016 | Libro |